000 00614nam a2200277Ia 4500
001 Z_5013
003 CHAP
008 220113s1973 xx 000 0 und d
010 _a168069
040 _cCHAP
082 _a851 C6
100 _aCoccioli, Carlo
_9142333
245 _aFiorello réquiem para un perro /
_cpor Carlo Coccioli
260 _aMéxico, D. F. :
_bEdiapsa,
_c1973
300 _a92 p.
440 _a
500 _a
503 _a
650 _aLiteratura italiana I. t.
_9140383
901 _a851 C6
902 _aA
910 _a1973
942 _c1
942 _cc1
999 _c168069
_d168069